A bibliography of Indian folklore and related subjects, (Record no. 80665)

MARC details
000 -LEADER
fixed length control field 00779cam a22002531 4500
001 - CONTROL NUMBER
control field sa 68005336
003 - CONTROL NUMBER IDENTIFIER
control field DLC
005 - DATE AND TIME OF LATEST TRANSACTION
control field 20260227112508.0
008 - FIXED-LENGTH DATA ELEMENTS--GENERAL INFORMATION
fixed length control field 710915s1967 ii b 00010 eng
010 ## - LIBRARY OF CONGRESS CONTROL NUMBER
LC control number sa 68005336 //r82
025 ## - OVERSEAS ACQUISITION NUMBER
Overseas acquisition number PL480:I-E-8539
043 ## - GEOGRAPHIC AREA CODE
Geographic area code a-ii---
050 0# - LIBRARY OF CONGRESS CALL NUMBER
Classification number Z3201
Item number .S42
082 ## - DEWEY DECIMAL CLASSIFICATION NUMBER
Classification number 016.398/0954
100 20 - MAIN ENTRY--PERSONAL NAME
Personal name Sen Gupta, Sankar.
245 12 - TITLE STATEMENT
Title A bibliography of Indian folklore and related subjects,
Statement of responsibility, etc. by Sankar Sen Gupta with Shyam Parmar.
260 0# - PUBLICATION, DISTRIBUTION, ETC.
Place of publication, distribution, etc. Calcutta,
Name of publisher, distributor, etc. Indian Publications,
Date of publication, distribution, etc. 1967.
300 ## - PHYSICAL DESCRIPTION
Extent 196 p.
Dimensions 25 cm.
350 ## - PRICE (NR) (BK AM CF MU VM SE) [OBSOLETE]
Price Rs38
-- $7.50
490 0# - SERIES STATEMENT
Series statement Indian folklore series, no. 11
650 #0 - SUBJECT ADDED ENTRY--TOPICAL TERM
Topical term or geographic name entry element Folklore
Geographic subdivision India
General subdivision Bibliography.
651 #0 - SUBJECT ADDED ENTRY--GEOGRAPHIC NAME
Geographic name India
General subdivision Social life and customs
-- Bibliography.
700 10 - ADDED ENTRY--PERSONAL NAME
Personal name Parmar, Shyam,
Dates associated with a name 1925-

No items available.

Powered by Koha